000 nam a22 7a 4500
999 _c127454
_d127454
008 180119b xxu||||| |||| 00| 0 eng d
050 _aBX830.1962
_b.A7 U66
245 _aLa liturgie apres Vatican II
_bbilans, etudes, prospective
_cedited by Jean Pierre Jossua and Yves Congar
260 _aParis
_bLes Editions Du Cerf
_c1967
300 _a409p. ;
_c22cm.
440 _aUnam Sanctam
_n66
_938757
650 _aVatican Council 2nd.
_xDecrees
_xCommentaries
_917478
650 _aCatholic Church
_xLiturgy
_911909
700 _aCongar, Y
_eed.
_938777
700 _aJossua, J
_eed.
_938778
942 _2lcc
_cMONOGRAPH